Loading...
Any History | 7 | 8.57 | 86% | 0% | 0% |
Current Events | 4 | 15.00 | 100% | 50% | 0% |
Fine Arts - Classical Music | 6 | 11.67 | 100% | 17% | 0% |
Fine Arts - Other Fine Arts | 7 | 14.29 | 100% | 29% | 14% |
Geography | 2 | 5.00 | 50% | 0% | 0% |
History - American History | 6 | 10.00 | 83% | 17% | 0% |
History - European History | 7 | 10.00 | 86% | 0% | 14% |
History - World History | 9 | 11.11 | 89% | 22% | 0% |
Literature - American Literature | 5 | 12.00 | 80% | 40% | 0% |
Literature - British Literature | 12 | 15.00 | 100% | 50% | 0% |
Literature - European Literature | 6 | 18.33 | 100% | 67% | 17% |
Literature - World Literature | 6 | 16.67 | 100% | 67% | 0% |
Mythology | 4 | 7.50 | 25% | 25% | 25% |
Other Academic | 4 | 15.00 | 100% | 50% | 0% |
Painting & Sculpture | 7 | 10.00 | 86% | 14% | 0% |
Philosophy | 4 | 7.50 | 75% | 0% | 0% |
Religion | 6 | 13.33 | 100% | 33% | 0% |
Science - Biology | 7 | 15.71 | 100% | 57% | 0% |
Science - Chemistry | 7 | 14.29 | 86% | 57% | 0% |
Science - Other Science | 5 | 14.00 | 100% | 40% | 0% |
Science - Physics | 7 | 11.43 | 86% | 29% | 0% |
Social Science | 8 | 15.00 | 88% | 63% | 0% |